000 00677cam a2200205 4500
001 WB3703-17
008 000000n2001 000 0 eng u
035 _a(Sirsi) u110417
245 _aChina is most attractive market
260 _c2001
490 _aBuilding
_v(02) 12 January 2001, 14(1)
520 _aIn a survey by the European Construction Economics Research Unit at Reading University, China is identified as the most attractive construction market targeted by global construction companies.
590 _aWB
650 _aRICS
650 _aCHINA
650 _aCONSTRUCTION MARKET
650 _aLEAGUE TABLES
690 _aINTERNATIONAL-ASIA
942 _n0
999 _c65829
_d65829